[Event "COL-ch U1800"]
[Site "Moniquira"]
[Date "2018.07.19"]
[Round "1"]
[White "Gomez Morales, Juan Sebastian"]
[Black "Bernal Parra, Liz Gabriela"]
[Result "1-0"]
[WhiteElo "1691"]
[BlackElo "1364"]
[PlyCount "87"]
[EventDate "2018.07.19"]
[EventType "swiss"]
[EventRounds "7"]
[EventCountry "COL"]
[SourceTitle "CBM 187 Extra"]
[Source "ChessBase"]
[SourceDate "2018.11.04"]
[SourceVersion "1"]
[SourceVersionDate "2018.11.04"]
[SourceQuality "1"]

1. d4 d5 2. c4 Nf6 3. Nc3 Bf5 4. Nf3 e6 5. Bg5 Be7 6. e3 c5 7. Bd3 Ne4 8. Bxe4 dxe4 9. Bxe7 Qxe7 10. Qa4+ Nd7 11. Nd2 cxd4 12. exd4 Qd6 13. Rd1 0-0 14. Ndxe4 Qe7 15. 0-0 Nf6 16. Rfe1 Rfd8 17. Ng3 Bg6 18. d5 e5 19. Nge4 a6 20. Qa5 Rac8 21. d6 Qe6 22. c5 Nd7 23. Nd5 Kf8 24. Ne7 Bxe4 25. Nxc8 Rxc8 26. Rxe4 Nxc5 27. Re3 Nd7 28. Rc3 Rxc3 29. Qxc3 f6 30. Qc8+ Kf7 31. Qxb7 Kg6 32. Qxa6 Nc5 33. Qc6 Nd7 34. a4 e4 35. a5 e3 36. fxe3 Qxe3+ 37. Kh1 Qe2 38. Qf3 Qxb2 39. Qg4+ Kh6 40. Qxd7 Qa2 41. Qh3+ Kg6 42. d7 Qxa5 43. d8Q Qxd8 44. Rxd8 1-0

[Event "COL-ch Amateur U1700"]
[Site "Bogota"]
[Date "2018.02.17"]
[Round "5.14"]
[White "Gomez Morales, Juan Sebastian"]
[Black "Renteria, Jakson Alexander"]
[Result "1-0"]
[WhiteElo "1696"]
[BlackElo "1668"]
[PlyCount "53"]
[EventDate "2018.02.15"]
[EventType "swiss"]
[EventRounds "7"]
[EventCountry "COL"]
[SourceTitle "EXT 2024"]
[Source "ChessBase"]
[SourceDate "2023.10.10"]
[SourceVersion "1"]
[SourceVersionDate "2023.10.10"]
[SourceQuality "1"]

1. d4 d5 2. c4 e6 3. Nc3 c6 4. cxd5 exd5 5. Bf4 Nf6 6. h3 Be7 7. Nf3 Nbd7 8. e3 0-0 9. Bd3 Re8 10. Qc2 g6 11. 0-0 Bf8 12. Rac1 Nh5 13. Bh2 f5 14. Na4 Ndf6 15. Nc5 a6 16. Qb3 Bxc5 17. dxc5 Ne4 18. Bxe4 fxe4 19. Ne5 Qf6 20. Ng4 Qg5 21. Qb6 Re7 22. Qd8+ Kf7 23. Bd6 Bxg4 24. Qxe7+ Qxe7 25. Bxe7 Be2 26. Rfe1 Bd3 27. Bd6 1-0

[Event "COL-ch U20"]
[Site "Bogota"]
[Date "2017.03.19"]
[Round "6"]
[White "Rueda Bermudez, Andres Felipe"]
[Black "Gomez Morales, Juan Sebastian"]
[Result "1/2-1/2"]
[WhiteElo "1602"]
[BlackElo "1703"]
[PlyCount "65"]
[EventDate "2017.03.16"]
[EventType "swiss"]
[EventRounds "7"]
[EventCountry "COL"]
[SourceTitle "CBM 177 Extra"]
[Source "ChessBase"]
[SourceDate "2017.04.27"]
[SourceVersion "1"]
[SourceVersionDate "2017.04.27"]
[SourceQuality "1"]

1. e4 c5 2. Nf3 d6 3. d4 cxd4 4. Nxd4 Nf6 5. Nc3 g6 6. Bg5 Bg7 7. f4 Qb6 8. a3 Nxe4 9. Nd5 Qa5+ 10. Nb4 Nxg5 11. fxg5 Qe5+ 12. Ne2 Qxg5 13. g3 Bxb2 14. Ra2 Bg7 15. Bg2 Qc5 16. Rf1 Bc3+ 17. Nxc3 Qxc3+ 18. Qd2 Qxd2+ 19. Kxd2 a5 20. Nd5 Na6 21. Nb6 Be6 22. Nxa8 Bxa2 23. Bxb7 Nc5 24. Bc6+ Kd8 25. Nb6 Kc7 26. Bd5 Bxd5 27. Nxd5+ Kd7 28. Nb6+ Ke6 29. Re1+ Kf6 30. Nd5+ Kg7 31. Rxe7 Rb8 32. Ra7 Rb2 33. Rxa5 1/2-1/2

[Event "Pan American-ch U20"]
[Site "Guatape"]
[Date "2016.06.25"]
[Round "9"]
[White "Correa, Daniel"]
[Black "Gomez Morales, Juan Sebastian"]
[Result "0-1"]
[WhiteElo "1716"]
[BlackElo "1729"]
[PlyCount "56"]
[EventDate "2016.06.20"]
[EventType "swiss"]
[EventRounds "9"]
[EventCountry "COL"]
[SourceTitle "EXT 2017"]
[Source "ChessBase"]
[SourceDate "2016.10.25"]
[SourceVersion "1"]
[SourceVersionDate "2016.10.25"]
[SourceQuality "1"]

1. d4 Nf6 2. c4 e6 3. Nc3 Bb4 4. Qc2 b6 5. Bd2 Bb7 6. a3 Bxc3 7. Bxc3 0-0 8. f3 d5 9. e3 Nbd7 10. Bd3 dxc4 11. Bxc4 Nd5 12. Qf2 c5 13. Ne2 Qg5 14. Bd2 Qg6 15. e4 Nc7 16. 0-0 cxd4 17. Nxd4 Ne5 18. Be2 Rfd8 19. Bf4 Qf6 20. Qg3 Ng6 21. Bxc7 Qxd4+ 22. Kh1 Rdc8 23. Bb5 Qc5 24. Rac1 Qxb5 25. h4 e5 26. Rfd1 Qxb2 27. Qg5 h6 28. Qd2 Qxa3 0-1

[Event "Pan American-ch U20"]
[Site "Guatape"]
[Date "2016.06.21"]
[Round "2"]
[White "Posada, Juan Manuel"]
[Black "Gomez Morales, Juan Sebastian"]
[Result "1-0"]
[WhiteElo "2041"]
[BlackElo "1729"]
[PlyCount "75"]
[EventDate "2016.06.20"]
[EventType "swiss"]
[EventRounds "9"]
[EventCountry "COL"]
[SourceTitle "EXT 2017"]
[Source "ChessBase"]
[SourceDate "2016.10.25"]
[SourceVersion "1"]
[SourceVersionDate "2016.10.25"]
[SourceQuality "1"]

1. e4 c5 2. Nf3 d6 3. d4 cxd4 4. Nxd4 Nf6 5. Nc3 g6 6. Be2 Bg7 7. 0-0 Nc6 8. Nb3 0-0 9. Re1 Bd7 10. Bf1 Rc8 11. Bg5 h6 12. Bh4 Ne5 13. Nd5 Nxd5 14. exd5 g5 15. Bg3 Nc4 16. Bxc4 Rxc4 17. Qe2 Qc8 18. c3 Re8 19. Qe3 a5 20. f4 gxf4 21. Bxf4 a4 22. Nd2 Rxf4 23. Qxf4 a3 24. bxa3 Qc5+ 25. Kh1 Qxd5 26. Ne4 Bc6 27. Rad1 Qxa2 28. Rd2 Qxa3 29. Rf2 Qb3 30. c4 Rf8 31. Ng3 e5 32. Qg4 Qc3 33. Ref1 e4 34. Nh5 Qe5 35. Rf5 Bd7 36. Nxg7 Bxf5 37. Nxf5+ Kh7 38. Qh4 1-0

[Event "Bogota Millonario op"]
[Site "Bogota"]
[Date "2015.12.19"]
[Round "4"]
[White "Gomez Morales, Juan Sebastian"]
[Black "Manrique, Fernando"]
[Result "0-1"]
[WhiteElo "1763"]
[BlackElo "1992"]
[PlyCount "72"]
[EventDate "2015.12.18"]
[EventType "swiss"]
[EventRounds "9"]
[EventCountry "COL"]
[SourceTitle "EXT 2017"]
[Source "ChessBase"]
[SourceDate "2016.10.25"]
[SourceVersion "1"]
[SourceVersionDate "2016.10.25"]
[SourceQuality "1"]

1. d4 d5 2. c4 dxc4 3. e4 e5 4. Nf3 exd4 5. Bxc4 Nc6 6. 0-0 Nf6 7. Nbd2 Be7 8. Qb3 0-0 9. e5 Ng4 10. e6 fxe6 11. Bxe6+ Kh8 12. Bxc8 Qxc8 13. Qc4 Bf6 14. Nb3 Nge5 15. Nxe5 Nxe5 16. Qa4 Qg4 17. f3 Qd7 18. Qxd7 Nxd7 19. Bf4 c5 20. Bd6 Rfc8 21. Rab1 d3 22. Rfd1 c4 23. Nd2 b5 24. Bb4 Bd4+ 25. Kf1 Nb6 26. Ne4 Nd5 27. Bd2 Re8 28. Nd6 Re2 29. Ne4 Re8 30. Re1 R8xe4 31. fxe4 Rf2+ 32. Kg1 Rxd2+ 33. Kh1 Ne3 34. e5 Kg8 35. g3 Ng4 36. e6 Rxh2# 0-1